Statistics for Biggest Cities in Ottoman Palestine in 1800 with a Map

Click here to take the quiz!

General Stats

  • This quiz has been taken 254 times
  • The average score is 7 of 12

Answers on the Map

Answers color-coded by a green-red scale on the quiz's map according to % correct below.
 

Answer Stats

PopulationCities% Correct
9,000Kudüs-i Şerif
(Jerusalem)
99%
8,000Gazze
(Gaza City)
88%
1,000Hayfa
(Haifa)
77%
2,750Yafa
(Jaffa)
63%
1,500Bidilgim
(Bethlehem)
61%
1,250Nasıra
(Nazareth)
56%
5,000Halil'ül-Rahman
(Hebron)
55%
8,000Akka
(Acre)
47%
7,500Nablus
46%
3,500Taberiye
(Tiberias)
35%
7,500Safed
23%
2,000Remle
(Ramla)
18%

Score Distribution

Percentile by Number Answered

Percent of People with Each Score

Your Score History

You have not taken this quiz